000 00702nam a2200229Ia 4500
003 OSt
005 20220925232527.0
006 a|||||r|||| 00| 0
007 ta
008 220923b |||||||| |||| 00| 0 eng d
037 _cGeneral Book
040 _aRTL
_cRTL
_beng
041 _2eng
_aeng
082 _aX71.235.P0 - N99, N9
110 _aMaharashtra (Govt. of-)
245 0 _aCivil budget estimates 1999-2000
_b Details of various provision for roads and bridges works
260 _aMumbai
_bMaharashtra Govt.
_c1999
300 _aBb-367p.
_ccm.
700 _aMaharashtra (Govt. of-)
942 _hX71.235.P0 - N99, N9
_cGB
_2CC
999 _c591529
_d591529